US states bigger than UK - Statistics

General Stats
  • This quiz has been taken 57 times
  • The average score is 9 of 11
Answer Stats
Area(sq miles) Answer % Correct
163694 California
100%
268596 Texas
100%
665384 Alaska
98%
121590 New Mexico
89%
113990 Arizona
83%
104093 Colorado
81%
110571 Nevada
79%
98378 Oregon
79%
147039 Montana
75%
97813 Wyoming
70%
97613 Michigan
68%
No matching quizzes found
Score Distribution
Percent of People with Each Score
Percentile by Number Answered
Your Score History
You have not taken this quiz